Biblioteca y Centro de Documentación

La fonction tutorale dans la perspective communautaire (Registro nro. 11555)

Detalles MARC
000 -CABECERA
Longitud fija campo de control 01457nam a2200409 c 4500
001 - NÚMERO DE CONTROL
Número de control 11555
003 - IDENTIFICADOR DE NÚMERO DE CONTROL
Identificador del número de control ES-MaCES
005 - FECHA Y HORA DE LA ÚLTIMA TRANSACCIÓN
Fecha y hora de la última transacción 20180205141720.0
008 - CAMPO FIJO DE DESCRIPCIÓN FIJA--INFORMACIÓN GENERAL
Códigos de información de longitud fija   001220s2000 lu t o000 | spa d
020 ## - ISBN (INTERNATIONAL STANDARD BOOK NUMBER)
Número Internacional Normalizado para Libros (ISBN) 9282895416
035 ## - NÚMERO DE CONTROL DEL SISTEMA
Número de control del sistema CES20000018144m
040 ## - FUENTE DE CATALOGACIÓN
Centro catalogador de origen ES-MaCES
Lengua de catalogación spa
Centro transcriptor ES-MaCES
245 03 - MENCIÓN DE TÍTULO
Título La fonction tutorale dans la perspective communautaire
Mención de responsabilidad, etc. auteurs, Anne de Blignières-Légeraud ... [et al.] ; pour le Cedefop - Centre européen pour le développment de la formation professionnelle
250 ## - MENCIÓN DE EDICIÓN
Mención de edición 1ère ed
260 ## - PUBLICACIÓN, DISTRIBUCIÓN, ETC (PIE DE IMPRENTA)
Lugar de publicación, distribución, etc. Luxembourg
Nombre del editor, distribuidor, etc. Office des publications officielles des Communautés européennes
Fecha de publicación, distribución, etc. 2000
300 ## - DESCRIPCIÓN FÍSICA
Extensión 62 p.
Dimensiones 21 cm
490 1# - MENCIÓN DE SERIE
Mención de serie TTnet dossier
Designación de volumen o secuencia 2
541 ## - NOTA DE LA FUENTE INMEDIANTE DE ADQUISICIÓN
Forma de adquisición Compra
650 #4 - ASIENTO SECUNDARIO DE MATERIA--TÉRMINO DE MATERIA
Término de materia o nombre geográfico como elemento inicial formación en la empresa
9 (RLIN) 27452
650 #4 - ASIENTO SECUNDARIO DE MATERIA--TÉRMINO DE MATERIA
Término de materia o nombre geográfico como elemento inicial encargado de la formación
9 (RLIN) 29082
650 #4 - ASIENTO SECUNDARIO DE MATERIA--TÉRMINO DE MATERIA
Término de materia o nombre geográfico como elemento inicial director de formación
9 (RLIN) 29287
650 #4 - ASIENTO SECUNDARIO DE MATERIA--TÉRMINO DE MATERIA
Término de materia o nombre geográfico como elemento inicial formación de formadores
9 (RLIN) 29972
650 #4 - ASIENTO SECUNDARIO DE MATERIA--TÉRMINO DE MATERIA
Término de materia o nombre geográfico como elemento inicial Alemania
9 (RLIN) 26944
650 #4 - ASIENTO SECUNDARIO DE MATERIA--TÉRMINO DE MATERIA
Término de materia o nombre geográfico como elemento inicial Austria
9 (RLIN) 26933
650 #4 - ASIENTO SECUNDARIO DE MATERIA--TÉRMINO DE MATERIA
Término de materia o nombre geográfico como elemento inicial España
9 (RLIN) 26964
650 #4 - ASIENTO SECUNDARIO DE MATERIA--TÉRMINO DE MATERIA
Término de materia o nombre geográfico como elemento inicial Francia
9 (RLIN) 26943
650 #4 - ASIENTO SECUNDARIO DE MATERIA--TÉRMINO DE MATERIA
Término de materia o nombre geográfico como elemento inicial comparación
9 (RLIN) 28892
653 10 - TÉRMINO DE INDEXACIÓN--NO CONTROLADO
Término no controlado Educación
650 #4 - ASIENTO SECUNDARIO DE MATERIA--TÉRMINO DE MATERIA
9 (RLIN) 29282
Término de materia o nombre geográfico como elemento inicial evaluación del nivel de formación
650 #4 - ASIENTO SECUNDARIO DE MATERIA--TÉRMINO DE MATERIA
9 (RLIN) 26752
Término de materia o nombre geográfico como elemento inicial UE
700 1# - ENCABEZAMIENTO SECUNDARIO--NOMBRE PERSONAL
Nombre de persona Blignières-Légeraud, Anne de
9 (RLIN) 7917
710 2# - ENCABEZAMIENTO SECUNDARIO--NOMBRE CORPORATIVO
9 (RLIN) 1909
Nombre de entidad o nombre de jurisdicción como elemento inicial Centro Europeo para el Desarrollo de la Formación Profesional
830 #0 - ENCABEZAMIENTO SECUNDARIO DE COLECCIÓN--TÍTULO UNIFORME
Título uniforme TTnet dossier
Designación de volumen o secuencia 2
9 (RLIN) 33543
902 ## - CES. TIPO DE DOCUMENTO
Tipodoc (006$c Sirtex) LIB Libro
942 ## - ELEMENTOS KOHA
Fuente de clasificaión o esquema Clasificación propia del CES
Koha [por defecto] tipo de item Monografías
Parte de clasificación 4.0.
Existencias
Número de registro Signatura completa Tipo de item de Koha
039642 DPT-8521 Monografías
© CES, Consejo Económico y Social de España 2021